000 00506nam a2200193 a 4500
001 1764765077590
003 ACL
005 20251203180424.0
008 251203s2002##################000#0#eng##
020 _a9781566765916
082 0 4 _a628.50287
_bRIC
100 1 _aRich, David William,
_eauthor.
245 1 0 _aRelational Management and Display of Site Environmental Data :
260 _c2002.
300 _a456 pages
650 0 _aDatabase management.
942 _cENGLISH
040 _aACL
_beng
_cACL
999 _c599846
_d599846